Bally - A History of Footwear in the Interwar Period.

Bibliographic Details
Main Author: Schlittler, Anna-Brigitte.
Other Authors: Tietze, Katharina.
Format: eBook
Language:English
Published: Bielefeld : transcript, 2021.
Edition:1st ed.
Series:Fashion Studies
Subjects:
Online Access:Click to View
LEADER 01538nam a22003853i 4500
001 EBC6760727
003 MiAaPQ
005 20231204023219.0
006 m o d |
007 cr cnu||||||||
008 231204s2021 xx o ||||0 eng d
020 |a 9783839457382  |q (electronic bk.) 
020 |z 9783837657388 
035 |a (MiAaPQ)EBC6760727 
035 |a (Au-PeEL)EBL6760727 
035 |a (OCoLC)1243312217 
040 |a MiAaPQ  |b eng  |e rda  |e pn  |c MiAaPQ  |d MiAaPQ 
100 1 |a Schlittler, Anna-Brigitte. 
245 1 0 |a Bally - A History of Footwear in the Interwar Period. 
250 |a 1st ed. 
264 1 |a Bielefeld :  |b transcript,  |c 2021. 
264 4 |c Ã2021. 
300 |a 1 online resource (196 pages) 
336 |a text  |b txt  |2 rdacontent 
337 |a computer  |b c  |2 rdamedia 
338 |a online resource  |b cr  |2 rdacarrier 
490 1 |a Fashion Studies ;  |v v.10 
588 |a Description based on publisher supplied metadata and other sources. 
590 |a Electronic reproduction. Ann Arbor, Michigan : ProQuest Ebook Central, 2023. Available via World Wide Web. Access may be limited to ProQuest Ebook Central affiliated libraries.  
655 4 |a Electronic books. 
700 1 |a Tietze, Katharina. 
776 0 8 |i Print version:  |a Schlittler, Anna-Brigitte  |t Bally - A History of Footwear in the Interwar Period  |d Bielefeld : transcript,c2021  |z 9783837657388 
797 2 |a ProQuest (Firm) 
830 0 |a Fashion Studies 
856 4 0 |u https://ebookcentral.proquest.com/lib/matrademy/detail.action?docID=6760727  |z Click to View